| 000 | 01001cam a2200289 i 4500 | ||
|---|---|---|---|
| 001 | 200447044 | ||
| 003 | TR-AnTOB | ||
| 005 | 20241210151721.0 | ||
| 007 | ta | ||
| 008 | 240415s2002 tu a r 000 0 tur d | ||
| 040 |
_aTR-AnTOB _beng _erda _cTR-AnTOB _dTR-AnTOB |
||
| 041 | 0 | _atur | |
| 050 | 4 |
_bHF5230.5.K34 _aA375 2002 |
|
| 090 |
_aTOBBK HF 5230.5.K34 _bA375 2002 |
||
| 092 | _aREH AFş 2002 | ||
| 245 | 0 | 0 |
_aAfşin iş dünyası 2002 / _cAfşin Ticaret ve Sanayi Odası. |
| 264 | 1 |
_aAfşin : _bAfşin Ticaret ve Sanayi Odası, _c2002. |
|
| 300 |
_a117, [43] pages: _billustrations _c30 cm |
||
| 336 |
_atext _btxt _2rdacontent |
||
| 337 |
_aunmediated _bn _2rdamedia |
||
| 338 |
_avolume _bnc _2rdacarrier |
||
| 651 | 7 |
_aAfşin (Kahramanmaraş İli, Türkiye) _xTicaret _vRehberler _2etuturkob _9145271 |
|
| 651 | 7 |
_aAfşin (Kahramanmaraş İli, Türkiye) _2etuturkob _9145271 |
|
| 710 | 2 |
_aAfşin Ticaret ve Sanayi Odası _9145272 |
|
| 942 |
_2lcc _cBK |
||
| 999 |
_c200447044 _d65256 |
||